000 00334nam a22001457a 4500
003 OSt
008 240409b |||||||| |||| 00| 0 eng d
020 _a9780071839983
100 _aSHALLENBERGER,Steven R
245 _aBecoming your Best
250 _a1st Ed
260 _aNe w Delhi
_bTMH
_c2015
300 _a260
942 _2ddc
_cREF
999 _c12422
_d12422